
Library Catalogue

| 000 -LEADER | |
|---|---|
| fixed length control field | 01359cam a2200325 i 4500 |
| 001 - CONTROL NUMBER | |
| control field | 19410186 |
| 003 - CONTROL NUMBER IDENTIFIER | |
| control field | OSt |
| 005 - DATE AND TIME OF LATEST TRANSACTION | |
| control field | 20260218073704.0 |
| 008 - FIXED-LENGTH DATA ELEMENTS--GENERAL INFORMATION | |
| fixed length control field | 161216s2016 ii b 001 0 eng d |
| 010 ## - LIBRARY OF CONGRESS CONTROL NUMBER | |
| LC control number | 2016479559 |
| 020 ## - INTERNATIONAL STANDARD BOOK NUMBER | |
| International Standard Book Number | 9780199466689 |
| 020 ## - INTERNATIONAL STANDARD BOOK NUMBER | |
| International Standard Book Number | 0199466688 |
| 035 ## - SYSTEM CONTROL NUMBER | |
| System control number | (OCoLC)ocn934617673 |
| 040 ## - CATALOGING SOURCE | |
| Original cataloging agency | ERASA |
| Language of cataloging | eng |
| Transcribing agency | ERASA |
| Description conventions | rda |
| Modifying agency | OCLCQ |
| -- | YDXCP |
| -- | BDX |
| -- | DKAGE |
| -- | OCLCO |
| -- | OCLCF |
| -- | GUL |
| -- | BTCTA |
| -- | NLE |
| -- | DLC |
| 041 0# - LANGUAGE CODE | |
| Language code of text/sound track or separate title | eng |
| 042 ## - AUTHENTICATION CODE | |
| Authentication code | lccopycat |
| 043 ## - GEOGRAPHIC AREA CODE | |
| Geographic area code | a-ii--- |
| 082 04 - DEWEY DECIMAL CLASSIFICATION NUMBER | |
| Classification number | 346.540666 SIN |
| 100 1# - MAIN ENTRY--PERSONAL NAME | |
| Personal name | Singh, Raghvendra K. |
| 245 10 - TITLE STATEMENT | |
| Title | Law and regulation of public offering of corporate securities / |
| Statement of responsibility, etc. | Raghvendra K. Singh and Shailendera K. Singh |
| 250 ## - EDITION STATEMENT | |
| Edition statement | 1st ed. |
| 264 #1 - PRODUCTION, PUBLICATION, DISTRIBUTION, MANUFACTURE, AND COPYRIGHT NOTICE | |
| Place of production, publication, distribution, manufacture | New Dehli : |
| Name of producer, publisher, distributor, manufacturer | Oxford University Press, |
| Date of production, publication, distribution, manufacture, or copyright notice | 2016. |
| 300 ## - PHYSICAL DESCRIPTION | |
| Extent | xliii, 313 p. ; |
| Dimensions | 22 cm |
| 505 ## - FORMATTED CONTENTS NOTE | |
| Formatted contents note | • Foundational terms and concepts;<br/>• Evolution of regulation of public offerings;<br/>• Public offer and prospectus;<br/>• Regulatory agencies;<br/>• Public offering programme: general;<br/>• Public offering programme: public issue;<br/>• Liabilities and regulatory actions.<br/> |
| 650 #0 - SUBJECT ADDED ENTRY--TOPICAL TERM | |
| Topical term or geographic name entry element | Going public (Securities) |
| General subdivision | Law and legislation |
| Geographic subdivision | India. |
| 700 1# - ADDED ENTRY--PERSONAL NAME | |
| Personal name | Singh, Shailendera K. |
| 906 ## - LOCAL DATA ELEMENT F, LDF (RLIN) | |
| a | 7 |
| b | cbc |
| c | copycat |
| d | 2 |
| e | ncip |
| f | 20 |
| g | y-gencatlg |
| 942 ## - ADDED ENTRY ELEMENTS (KOHA) | |
| Source of classification or shelving scheme | Dewey Decimal Classification |
| Koha item type | BOOKs |
| Withdrawn status | Lost status | Source of classification or shelving scheme | Materials specified (bound volume or other part) | Damaged status | Not for loan | Home library | Current library | Shelving location | Date acquired | Source of acquisition | Cost, normal purchase price | Total Checkouts | Full call number | Barcode | Date last seen | Price effective from | Koha item type |
|---|---|---|---|---|---|---|---|---|---|---|---|---|---|---|---|---|---|
| Dewey Decimal Classification | HB | . | . | 08.03.2018 | Purchased | 995.00 | 346.540666 SIN-2 | 36023 | 08.03.2019 | 08.03.2019 | BOOKs |